00709nam a2200229Ia 450000500170000000800410001702000240005804000190008204100120010108200170011310000150013024500270014526000530017230000190022544000300024450400500027465000150032485000100033994200070034999900170035695201060037320231106111901.0131103s9999 xx 000 0 und d a713444231cGBP 7.50 aLoreto College aEnglish a796.323bAMB aAmbler,Vic aBasketballcVic Ambler aLondonbBatsford Academic and Educational c1984 a64 p.b illus. aCompetitive Sports Series aIncludes bibliographical references and index aBasketball aLCLIB cBK c17675d68154 00102ddc4070aMAINbMAINd2013-11-04l0o796.323 AMB 34525pB18117r2013-11-04w2013-11-04yBKf